[Event "RUS Cup tt"]
[Site "Sochi"]
[Date "2023.11.27"]
[Round "1.20"]
[White "Raetsky, Alexander"]
[Black "Kasimov, Rustam"]
[Result "1/2-1/2"]
[WhiteElo "2310"]
[BlackElo "2169"]
[PlyCount "40"]
[EventDate "2023.11.27"]
[EventType "team-swiss"]
[EventRounds "7"]
[EventCountry "RUS"]
[SourceTitle "CB49_2023"]
[SourceDate "2023.12.06"]
[SourceVersion "1"]
[SourceVersionDate "2023.12.06"]
[SourceQuality "1"]
[WhiteTeam "Russia Veterans"]
[BlackTeam "Vserossiyskoe slepykh"]
[WhiteTeamCountry "RUS"]
[BlackTeamCountry "RUS"]

1. d4 d5 2. Nc3 Nf6 3. Bf4 e6 4. Nb5 Bb4+ 5. c3 Ba5 6. e3 a6 7. Na3 Bb6 8. Bd3 c5 9. Nf3 Nc6 10. Nb1 0-0 11. Nbd2 Re8 12. 0-0 h6 13. h3 Nd7 14. Bc2 Qf6 15. Bg3 cxd4 16. exd4 e5 17. dxe5 Ndxe5 18. Re1 Bd7 19. Nxe5 Nxe5 20. Qh5 Bc7 1/2-1/2

[Event "IBCA EU-ch blind 06th"]
[Site "Lyon"]
[Date "2015.08.01"]
[Round "8"]
[White "Kasimov, Rustam"]
[Black "Schellmann, Frank"]
[Result "1/2-1/2"]
[WhiteElo "2196"]
[BlackElo "2093"]
[PlyCount "87"]
[EventDate "2015.07.25"]
[EventType "swiss"]
[EventRounds "9"]
[EventCountry "FRA"]
[SourceTitle "CBM 167 Extra"]
[Source "ChessBase"]
[SourceDate "2015.09.14"]
[SourceVersion "1"]
[SourceVersionDate "2015.09.14"]
[SourceQuality "1"]

1. d4 f5 2. Nf3 Nf6 3. c4 g6 4. g3 Bg7 5. Bg2 d6 6. Nc3 0-0 7. 0-0 Qe8 8. Re1 Qf7 9. Ng5 Qxc4 10. e4 fxe4 11. Bf1 Qb4 12. a3 Qb6 13. Bc4+ Kh8 14. Nf7+ Rxf7 15. Bxf7 Nc6 16. Nd5 Qxd4 17. Nxc7 Rb8 18. Qxd4 Nxd4 19. Be3 Nf3+ 20. Kh1 Nxe1 21. Bxa7 Nc2 22. Rc1 Ng4 23. Rxc2 e3 24. Ne6 exf2 25. Kg2 Bxe6 26. Bxe6 Rf8 27. Rc1 Ne5 28. b3 Nc6 29. Bxf2 Bb2 30. Rf1 Ne5 31. a4 Kg7 32. Bd5 Nc6 33. Rb1 Ba3 34. b4 Nxb4 35. Bxb7 Nd3 36. Bb6 Bc5 37. a5 Bxb6 38. axb6 Rb8 39. Bc6 Kf6 40. b7 Nc5 41. Rf1+ Ke6 42. Re1+ Kf6 43. Rf1+ Ke6 44. Re1+ 1/2-1/2

[Event "IBCA EU-ch blind 06th"]
[Site "Lyon"]
[Date "2015.07.31"]
[Round "7"]
[White "Znuderl, Matej"]
[Black "Kasimov, Rustam"]
[Result "0-1"]
[WhiteElo "2000"]
[BlackElo "2196"]
[PlyCount "104"]
[EventDate "2015.07.25"]
[EventType "swiss"]
[EventRounds "9"]
[EventCountry "FRA"]
[SourceTitle "CBM 167 Extra"]
[Source "ChessBase"]
[SourceDate "2015.09.14"]
[SourceVersion "1"]
[SourceVersionDate "2015.09.14"]
[SourceQuality "1"]

1. e4 d5 2. exd5 Nf6 3. d4 Nxd5 4. c4 Nb6 5. Nf3 g6 6. Nc3 Bg7 7. c5 Nd5 8. Bc4 Nxc3 9. bxc3 0-0 10. 0-0 Nc6 11. Re1 Bg4 12. h3 Bxf3 13. Qxf3 e5 14. Bb2 exd4 15. cxd4 Nxd4 16. Bxd4 Qxd4 17. Rac1 c6 18. Re7 Kh8 19. Rxb7 Qxc5 20. Qb3 Bd4 21. Rc2 Qf5 22. Bd3 Qf6 23. Be4 Rae8 24. Qf3 Qxf3 25. Bxf3 Re1+ 26. Kh2 c5 27. Rxa7 c4 28. Rd7 Be5+ 29. g3 c3 30. a4 Rb8 31. Rd1 Rxd1 32. Bxd1 Rb1 33. Be2 Ra1 34. Bb5 Kg7 35. Kg2 f5 36. Kf3 Kf6 37. Ke2 Ke7 38. Kd3 Kd6 39. Kc4 g5 40. Be8 f4 41. gxf4 gxf4 42. Bb5 f3 43. Be8 Ke6 44. Kb5 Kd5 45. Bf7+ Kd4 46. Be6 Rb1+ 47. Kc6 Rb2 48. Bf5 Rxc2 49. Bxc2 Kc4 50. Be4 Bd4 51. Bxh7 Bxf2 52. Bg8+ Kb4 0-1

[Event "IBCA EU-ch blind 06th"]
[Site "Lyon"]
[Date "2015.07.27"]
[Round "3"]
[White "Gasperoni, Claudio"]
[Black "Kasimov, Rustam"]
[Result "1-0"]
[WhiteElo "1867"]
[BlackElo "2196"]
[PlyCount "49"]
[EventDate "2015.07.25"]
[EventType "swiss"]
[EventRounds "9"]
[EventCountry "FRA"]
[SourceTitle "CBM 167 Extra"]
[Source "ChessBase"]
[SourceDate "2015.09.14"]
[SourceVersion "1"]
[SourceVersionDate "2015.09.14"]
[SourceQuality "1"]

1. d4 Nf6 2. Nf3 e6 3. e3 d5 4. c4 Be7 5. Bd3 0-0 6. 0-0 b6 7. cxd5 exd5 8. Nc3 Bb7 9. Ne5 c5 10. f4 Nc6 11. Rf3 a6 12. Rh3 c4 13. Bxh7+ Kh8 14. Bf5+ Kg8 15. g4 g6 16. g5 Ne4 17. Bxg6 fxg6 18. Nxg6 Kg7 19. Rh7+ Kxg6 20. Qh5+ Kf5 21. Qh3+ Kg6 22. Nxe4 dxe4 23. Qh5+ Kf5 24. Rh6 Bxg5 25. Qh3# 1-0

[Event "Kirov Region-ch"]
[Site "Kirov"]
[Date "2014.10.13"]
[Round "4"]
[White "Kasimov, Rustam"]
[Black "Tsarukian, Elis"]
[Result "0-1"]
[WhiteElo "2211"]
[BlackElo "2198"]
[PlyCount "80"]
[EventDate "2014.10.10"]
[EventType "swiss"]
[EventRounds "9"]
[EventCountry "RUS"]
[SourceTitle "EXT 2018"]
[Source "ChessBase"]
[SourceDate "2017.10.13"]
[SourceVersion "1"]
[SourceVersionDate "2017.10.13"]
[SourceQuality "1"]

1. d4 Nf6 2. Nc3 d5 3. Bf4 Bf5 4. e3 e6 5. Bd3 Bg6 6. Nf3 Nh5 7. Bg5 Nf6 8. Ne5 Bxd3 9. cxd3 Be7 10. Qb3 Qc8 11. Rc1 0-0 12. 0-0 c6 13. f4 Nbd7 14. Rc2 h6 15. Bxf6 Bxf6 16. Na4 Rb8 17. Qa3 Rd8 18. b4 Be7 19. Qc3 Nxe5 20. fxe5 Rf8 21. Nc5 b6 22. Nb3 Qa6 23. Nc1 Rbc8 24. Ne2 Qa4 25. Rb2 c5 26. dxc5 bxc5 27. bxc5 Rxc5 28. Qd2 Bg5 29. d4 Rc4 30. Rc1 Rfc8 31. Rxc4 Qxc4 32. g3 a5 33. h4 Bd8 34. Nf4 Be7 35. Kf2 Ba3 36. Rb3 Bb4 37. Qe2 Qc1 38. Nd3 Qh1 39. Nxb4 axb4 40. Rb2 Rc1 0-1

[Event "IBCA Wch blind 13th"]
[Site "Katerini"]
[Date "2014.05.06"]
[Round "2"]
[White "Kasimov, Rustam"]
[Black "Grybas, Gintaras"]
[Result "1/2-1/2"]
[WhiteElo "2180"]
[BlackElo "1997"]
[PlyCount "70"]
[EventDate "2014.05.05"]
[EventType "swiss"]
[EventRounds "9"]
[EventCountry "GRE"]
[SourceTitle "CBM 160 Extra"]
[Source "ChessBase"]
[SourceDate "2014.07.01"]
[SourceVersion "1"]
[SourceVersionDate "2014.07.01"]
[SourceQuality "1"]

1. d4 d5 2. Nc3 Nf6 3. Bg5 c6 4. e3 Bf5 5. Bd3 Bg6 6. Nf3 Nbd7 7. 0-0 e6 8. Ne5 Bxd3 9. cxd3 Be7 10. f4 0-0 11. Rc1 Nxe5 12. fxe5 Nd7 13. Bxe7 Qxe7 14. Qd2 f6 15. exf6 Rxf6 16. Rxf6 Nxf6 17. h3 e5 18. dxe5 Qxe5 19. Na4 Re8 20. Re1 b5 21. d4 Ne4 22. Qe2 Qg3 23. Nc3 Ng5 24. Kh1 Ne6 25. Qd2 Nxd4 26. e4 Nf5 27. Re2 dxe4 28. Rxe4 Rxe4 29. Nxe4 Qe5 30. Qd8+ Kf7 31. Qd7+ Ne7 32. Nd6+ Kf6 33. Ne8+ Kg6 34. Qxa7 Nf5 35. Qd7 Qe1+ 1/2-1/2

[Event "IBCA Wch blind 12th"]
[Site "Belgrade"]
[Date "2010.09.01"]
[Round "6.14"]
[White "Makwana, Ashvin K"]
[Black "Kasimov, Rustam"]
[Result "0-1"]
[WhiteElo "1857"]
[BlackElo "2171"]
[PlyCount "153"]
[EventDate "2010.08.26"]
[EventType "swiss"]
[EventRounds "9"]
[EventCountry "SRB"]
[SourceTitle "EXT 2011"]
[Source "ChessBase"]
[SourceDate "2010.11.26"]
[SourceVersion "1"]
[SourceVersionDate "2010.11.26"]
[SourceQuality "1"]

1. e4 c6 2. d4 d5 3. Nc3 dxe4 4. Nxe4 Bf5 5. Ng3 Bg6 6. Nf3 Nd7 7. Bd3 e6 8. 0-0 Ngf6 9. Bf4 Nd5 10. Be3 Qc7 11. a3 Bd6 12. Re1 N7f6 13. Bg5 Nf4 14. Bxf4 Bxf4 15. Ne4 0-0-0 16. Qe2 Bh5 17. g3 Bh6 18. c3 Rd5 19. Nc5 e5 20. Bf5+ Kb8 21. Ne4 exd4 22. Nxf6 gxf6 23. Qe4 dxc3 24. bxc3 Bg6 25. Bxg6 hxg6 26. Qb4 Rhd8 27. c4 Rd3 28. Kg2 Bf8 29. Qb2 f5 30. Re2 Bc5 31. a4 Bd4 32. Nxd4 R3xd4 33. Rae1 c5 34. Qb3 Qc6+ 35. Kg1 Re4 36. Rxe4 fxe4 37. Qe3 f5 38. Ra1 Qf6 39. Rb1 Rd4 40. Qh6 Rxc4 41. Qh7 Rb4 42. Qg8+ Kc7 43. Rc1 b6 44. a5 Ra4 45. axb6+ axb6 46. Rc2 Qd6 47. Qf7+ Kc6 48. Qe8+ Qd7 49. Qxg6+ Kb5 50. Rc1 Rb4 51. h4 Rb2 52. Qg8 Qd4 53. Rf1 Kb4 54. Qe6 c4 55. Qxf5 c3 56. Re1 c2 57. Kg2 Kc3 58. Rxe4 Qxe4+ 59. Qxe4 c1Q 60. g4 Qd2 61. Qf3+ Qd3 62. g5 Qxf3+ 63. Kxf3 Kd4 64. Kg4 Rxf2 65. Kh5 b5 66. g6 b4 67. Kh6 b3 68. g7 Rg2 69. Kh7 b2 70. g8Q Rxg8 71. Kxg8 b1Q 72. h5 Qh1 73. Kg7 Qxh5 74. Kf6 Kd5 75. Ke7 Qh6 76. Kd7 Qg7+ 77. Kc8 0-1

[Event "IBCA Wch blind 12th"]
[Site "Belgrade"]
[Date "2010.08.30"]
[Round "5.14"]
[White "Kasimov, Rustam"]
[Black "Johansen, Kai Roger"]
[Result "1-0"]
[WhiteElo "2171"]
[BlackElo "2036"]
[PlyCount "99"]
[EventDate "2010.08.26"]
[EventType "swiss"]
[EventRounds "9"]
[EventCountry "SRB"]
[SourceTitle "EXT 2011"]
[Source "ChessBase"]
[SourceDate "2010.11.26"]
[SourceVersion "1"]
[SourceVersionDate "2010.11.26"]
[SourceQuality "1"]

1. d4 Nf6 2. Nc3 d5 3. Bg5 h6 4. Bxf6 exf6 5. e3 Bf5 6. Bd3 Bxd3 7. Qxd3 c6 8. Nf3 Bd6 9. e4 dxe4 10. Nxe4 0-0 11. 0-0 Bc7 12. c4 Nd7 13. Rad1 Nb6 14. d5 cxd5 15. cxd5 Bd6 16. Nd4 Be5 17. f4 Bxd4+ 18. Qxd4 Nd7 19. Rf3 Qb6 20. Rb3 Qxd4+ 21. Rxd4 b6 22. Rc3 Rfd8 23. Rc7 Nf8 24. f5 Nd7 25. d6 Ne5 26. h3 Kf8 27. Nc3 Rd7 28. Ne4 Ke8 29. b3 Kd8 30. Rc3 Ke8 31. b4 Rdd8 32. Rc7 Rd7 33. b5 a6 34. Ra4 a5 35. Rd4 Kd8 36. Rc3 Ke8 37. a4 Rad8 38. Rd2 Rb8 39. Rdc2 Rbd8 40. Rc7 Rb8 41. R2c3 Rbd8 42. Kf2 Rb8 43. Ke3 Rbd8 44. Rc2 Rb8 45. Rc1 Rbd8 46. R1c3 Rb8 47. Kd4 Rbd8 48. Kd5 Rb8 49. Rg3 Rbd8 50. Nxf6+ 1-0

[Event "Privolzhskogo FO-ch"]
[Site "Togliatti"]
[Date "2007.03.29"]
[Round "8"]
[White "Kasimov, Rustam"]
[Black "Matyukhina, Maria"]
[Result "1-0"]
[WhiteElo "2137"]
[BlackElo "1551"]
[PlyCount "73"]
[EventDate "2007.03.22"]
[EventType "swiss"]
[EventRounds "9"]
[EventCountry "RUS"]
[SourceTitle "EXT 2010"]
[Source "ChessBase"]
[SourceDate "2010.11.25"]
[SourceVersion "1"]
[SourceVersionDate "2010.11.25"]
[SourceQuality "1"]

1. d4 Nf6 2. Nc3 d6 3. e4 Nbd7 4. Nf3 e5 5. Bc4 Be7 6. 0-0 0-0 7. h3 c6 8. dxe5 dxe5 9. Qe2 Bb4 10. Bg5 h6 11. Bd2 Re8 12. a3 Bd6 13. Rad1 Nf8 14. Nh4 Ne6 15. Be3 Nf4 16. Qf3 Qc7 17. Rd2 Bf8 18. Rfd1 Be6 19. Bxe6 Rxe6 20. Kh2 g5 21. Nf5 Kh7 22. g3 Ng6 23. Kg2 Be7 24. Rh1 Rg8 25. h4 gxh4 26. Nxh4 Nxh4+ 27. Rxh4 Bf8 28. Rd1 Qe7 29. Rdh1 Nd7 30. Qf5+ Rgg6 31. Bxh6 Bxh6 32. Rxh6+ Kg7 33. Rh7+ Kf8 34. Rh8+ Rg8 35. Rxg8+ Kxg8 36. Qh7+ Kf8 37. Qh8# 1-0

[Event "Privolzhskogo FO-ch"]
[Site "Togliatti"]
[Date "2007.03.26"]
[Round "5"]
[White "Savostin, Artem"]
[Black "Kasimov, Rustam"]
[Result "1/2-1/2"]
[WhiteElo "2012"]
[BlackElo "2137"]
[PlyCount "141"]
[EventDate "2007.03.22"]
[EventType "swiss"]
[EventRounds "9"]
[EventCountry "RUS"]
[SourceTitle "EXT 2010"]
[Source "ChessBase"]
[SourceDate "2010.11.25"]
[SourceVersion "1"]
[SourceVersionDate "2010.11.25"]
[SourceQuality "1"]

1. e4 c6 2. d4 d5 3. e5 Bf5 4. Be3 Qb6 5. Qc1 e6 6. c4 dxc4 7. Nd2 Qa5 8. Bxc4 Nd7 9. a3 Qd8 10. Ne2 Nb6 11. Ba2 Ne7 12. Ng3 Bg6 13. 0-0 Nf5 14. Nb3 Nd5 15. Nxf5 Bxf5 16. Qc4 Be7 17. Bb1 Bxb1 18. Raxb1 0-0 19. Nd2 Qd7 20. b4 a6 21. Rfc1 Rfc8 22. Nb3 h6 23. Na5 Rc7 24. h3 Bf8 25. Nb3 Rac8 26. Nc5 Qd8 27. a4 Qh4 28. Qd3 Rd8 29. b5 cxb5 30. axb5 Nxe3 31. Qxe3 Qxd4 32. Qxd4 Rxd4 33. bxa6 bxa6 34. Nxa6 Rxc1+ 35. Rxc1 Re4 36. Nc5 Rxe5 37. Nd7 Rd5 38. Nxf8 Kxf8 39. Rc7 Ke8 40. g3 Rd7 41. Rc8+ Ke7 42. Rg8 Kf6 43. h4 h5 44. Kg2 g6 45. Rc8 Kf5 46. Rc4 e5 47. Kf3 Rd3+ 48. Ke2 Rb3 49. Ra4 f6 50. Ra5 g5 51. hxg5 fxg5 52. Ra8 Rb2+ 53. Ke3 Rb1 54. Rf8+ Kg4 55. Re8 Rb3+ 56. Ke2 Rb5 57. Rg8 h4 58. gxh4 Kxh4 59. Rf8 Rb4 60. Re8 Re4+ 61. Kd3 Rf4 62. Ke3 Rf5 63. Rh8+ Kg4 64. Rg8 Rf3+ 65. Ke2 Ra3 66. Re8 Ra5 67. Ke3 Kh3 68. Ke4 Ra4+ 69. Kxe5 Rf4 70. Rh8+ Kg2 71. Rg8 1/2-1/2

[Event "Privolzhskogo FO-ch"]
[Site "Togliatti"]
[Date "2007.03.25"]
[Round "4"]
[White "Kasimov, Rustam"]
[Black "Kniazev, Igor"]
[Result "0-1"]
[WhiteElo "2137"]
[BlackElo "2254"]
[PlyCount "108"]
[EventDate "2007.03.22"]
[EventType "swiss"]
[EventRounds "9"]
[EventCountry "RUS"]
[SourceTitle "EXT 2010"]
[Source "ChessBase"]
[SourceDate "2010.11.25"]
[SourceVersion "1"]
[SourceVersionDate "2010.11.25"]
[SourceQuality "1"]

1. d4 Nf6 2. Nc3 d5 3. Bg5 Bf5 4. e3 Nbd7 5. Bd3 Bxd3 6. Qxd3 e6 7. Nf3 Be7 8. 0-0 0-0 9. Ne5 Nxe5 10. dxe5 Nd7 11. Bxe7 Qxe7 12. f4 a6 13. e4 Rad8 14. exd5 Nb6 15. d6 cxd6 16. exd6 Qxd6 17. Qf3 Nc4 18. Rf2 Qb6 19. Na4 Qa7 20. b3 Nd2 21. Qe2 b5 22. Nc3 Qd4 23. Rd1 Qxc3 24. Rxd2 Rxd2 25. Qxd2 Qa1+ 26. Rf1 Qxa2 27. f5 exf5 28. Rxf5 Qa1+ 29. Rf1 Qe5 30. Kh1 Re8 31. h3 h6 32. c4 f6 33. Rc1 Rc8 34. cxb5 Rxc1+ 35. Qxc1 axb5 36. Qc8+ Kh7 37. Qc2+ f5 38. Qd3 Kg6 39. Qd7 h5 40. Qc6+ Kh7 41. Qd7 b4 42. Qf7 Kh6 43. Kg1 Kg5 44. Kf2 h4 45. Kf1 Qf4+ 46. Kg1 Qe5 47. Kf2 Qd4+ 48. Kf3 Qc3+ 49. Kf2 Kf4 50. Qe6 Qd4+ 51. Kf1 g5 52. Qg8 Qd1+ 53. Kf2 Qd2+ 54. Kg1 Kg3 0-1

[Event "Privolzhskogo FO-ch"]
[Site "Togliatti"]
[Date "2007.03.22"]
[Round "1"]
[White "Gubajdullin, Alexey"]
[Black "Kasimov, Rustam"]
[Result "1-0"]
[WhiteElo "2422"]
[BlackElo "2137"]
[PlyCount "63"]
[EventDate "2007.03.22"]
[EventType "swiss"]
[EventRounds "9"]
[EventCountry "RUS"]
[SourceTitle "EXT 2010"]
[Source "ChessBase"]
[SourceDate "2010.11.25"]
[SourceVersion "1"]
[SourceVersionDate "2010.11.25"]
[SourceQuality "1"]

1. e4 c6 2. d4 d5 3. Nc3 dxe4 4. Nxe4 Bf5 5. Ng3 Bg6 6. N1e2 e5 7. dxe5 Qxd1+ 8. Kxd1 Nd7 9. f4 Nh6 10. h3 0-0-0 11. Bd2 Bc5 12. Nc3 f6 13. e6 Nb6 14. Nge4 Be3 15. Bd3 Bxd2 16. Kxd2 Rhe8 17. g4 Bxe4 18. Nxe4 Rxe6 19. Nc5 Ree8 20. Rhe1 g6 21. Rxe8 Rxe8 22. Ne4 Rf8 23. g5 Ng8 24. c4 f5 25. Nc5 Nd7 26. Ne6 Re8 27. Re1 Nf8 28. Nxf8 Rxf8 29. c5 Kd7 30. Bc4 Ne7 31. Re3 Rd8 32. Kc2 1-0